000 00459nam a22001697a 4500
003 OSt
008 250207b |||||||| |||| 00| 0 eng d
041 _aeng
082 _a671.25
_bHEI/PR
100 _aHeine, Richard W
_97109
245 _aPrinciples of Metal Casting
250 _a13th Reprint
260 _aNew Delhi:
_bTata McGraw Hill Publishing Co Ltd,
_c1991.
300 _a736p.
700 _aLoper, Carl R and Rosenthal, Philip C
_97110
942 _cBK
999 _c19339
_d19339